Návrh opatrení na zlepšenie procesu prijímacieho konania v podniku G.P.R. spol. s r.o. Bratislava
Na minha lista:
| Autor principal: | |
|---|---|
| Outros Autores: | |
| Formato: | Manuscrito Livro |
| Idioma: | eslovaco |
| Publicado em: |
2016
|
| Assuntos: | |
| Acesso em linha: | http://is.stuba.sk/zp/portal_zp.pl?podrobnosti=96180 |
| Tags: |
Sem tags, seja o primeiro a adicionar uma tag!
|
MARC
| LEADER | 00000ntm a22000003a 4500 | ||
|---|---|---|---|
| 001 | stuzp51880 | ||
| 003 | SK-STU | ||
| 005 | 20160719154007.8 | ||
| 007 | ta | ||
| 008 | 150427s2015----xo-----f-mn---000-0-slo-d | ||
| 040 | |a STU |b slo | ||
| 041 | 0 | |a slo | |
| 100 | 1 | |a Marcell, Martin |u 064000 |4 aut |U MTF Materiálovotechnologická fakulta |T MTF Ústav priemyselného inžinierstva a manažmentu |X 46828 |U M4000 |Y 84 |7 46828 | |
| 242 | 0 | 1 | |a Proposal of measures to improve the process of entrance procedure in company G.P.R. spol. s r.o. Bratislava |y eng |
| 245 | 1 | 0 | |a Návrh opatrení na zlepšenie procesu prijímacieho konania v podniku G.P.R. spol. s r.o. Bratislava |
| 260 | |c 2016 | ||
| 650 | 4 | |a prijímací pohovor |2 slo | |
| 650 | 4 | |a pracovné miesto |2 slo | |
| 650 | 4 | |a pracovník |2 slo | |
| 650 | 4 | |a osobný dotazník |2 slo | |
| 650 | 4 | |a výber zamestnancov |2 slo | |
| 650 | 4 | |a survey |2 eng | |
| 650 | 4 | |a personal questionnaire |2 eng | |
| 650 | 4 | |a admission process |2 eng | |
| 650 | 4 | |a interview |2 eng | |
| 650 | 4 | |a staff |2 eng | |
| 650 | 4 | |a staff member |2 eng | |
| 650 | 4 | |a work position |2 eng | |
| 700 | 1 | |a Porubčanová, Zuzana |4 ths |X 71032 |7 71032 | |
| 856 | 4 | |u http://is.stuba.sk/zp/portal_zp.pl?podrobnosti=96180 | |
| 996 | |c M* BP-7792 |l MMSKP |s P |a 0 |w stuzp51880_0001 | ||
| SQL | |a stuzp51880 |b DBP |c SLO |d Návrh opatrení na zlepšenie procesu prijímacieho konania v podniku G.P.R. spol. s r.o. Bratislava |e 46828 |f Marcell, Martin |g 064000 |h 71032 |i Porubčanová, Zuzana |j 20160622 |k 173 |l 06 |m http://is.stuba.sk/zp/portal_zp.pl?podrobnosti=96180 |n B-PPP |o 5.2.52. priemyselné inžinierstvo | ||